|
|
|
|
| LEADER |
00000nam0a2200000 4500 |
| 001 |
255349 |
| 005 |
20231101233022.0 |
| 010 |
|
|
|a 5120010342
|
| 035 |
|
|
|a (RuTPU)RU\TPU\book\277855
|
| 090 |
|
|
|a 255349
|
| 100 |
|
|
|a 20140327d1989 k y0rusy50 ca
|
| 101 |
0 |
|
|a rus
|
| 102 |
|
|
|a UA
|
| 105 |
|
|
|a a z 001zy
|
| 200 |
1 |
|
|a Методологическое сознание в современной науке
|f Академия наук Украинской ССР (АН УССР), Институт философии ; под ред. П. Ф. Иолона
|
| 210 |
|
|
|a Киев
|c Наукова думка
|d 1989
|
| 215 |
|
|
|a 336 с.
|c ил.
|
| 320 |
|
|
|a Библиогр.: с. 313-328.
|
| 320 |
|
|
|a Предметный указатель: с. 329-333.
|
| 606 |
1 |
|
|a Наука
|x Гносеологические основы
|x Логические основы
|2 stltpush
|3 (RuTPU)RU\TPU\subj\45085
|9 64347
|
| 610 |
1 |
|
|a сознание
|
| 610 |
1 |
|
|a научное познание
|
| 610 |
1 |
|
|a методология
|
| 610 |
1 |
|
|a знание
|
| 610 |
1 |
|
|a монографии
|
| 686 |
|
|
|a Ю251.1
|v LBC/SL-A
|2 rubbk
|
| 702 |
|
1 |
|a Иолон
|b П. Ф.
|4 340
|
| 712 |
0 |
2 |
|a Академия наук Украинской ССР (АН УССР)
|b Институт философии
|2 stltpush
|3 (RuTPU)RU\TPU\col\12865
|
| 801 |
|
1 |
|a RU
|b 63413507
|c 20140327
|
| 801 |
|
2 |
|a RU
|b 63413507
|c 20140410
|g RCR
|
| 942 |
|
|
|c BK
|